| 000 | 00448nam a22001697a 4500 | ||
|---|---|---|---|
| 999 |
_c523733 _d523733 |
||
| 003 | NUST | ||
| 038 | _awaseem | ||
| 082 |
_a297 _bABD |
||
| 100 |
_aAbdul Rehman, Muhammad _914505 |
||
| 245 |
_aKalma-e-Haq / _cMuhammad Abdul Rehman |
||
| 260 |
_aIslamabad : _bInstant Print, _c2011. |
||
| 300 | _a255 p. ; | ||
| 500 | _aPaperback. | ||
| 880 |
_6100-02\r _aمحمد عبدالرحمن |
||
| 880 |
_6245-02\r _aکلامہُ حق / |
||
| 942 |
_2ddc _cBK |
||